| 000 | 01585nam a2200373Ia 4500 | ||
|---|---|---|---|
| 001 | ebr10078491 | ||
| 003 | CaPaEBR | ||
| 006 | m u | ||
| 007 | cr cn||||||||| | ||
| 008 | 030502s2003 nyu sb 001 0 eng d | ||
| 010 | _z 2003008028 | ||
| 015 | _aGBA4-11470 | ||
| 020 | _z0814758215 (cloth : alk. paper) | ||
| 020 | _z0814758274 (pbk. : alk. paper) | ||
| 040 |
_aCaPaEBR _cCaPaEBR |
||
| 035 | _a(OCoLC)57364907 | ||
| 050 | 1 | 4 |
_aHQ766.5.U5 _bN45 2003eb |
| 082 | 0 | 4 |
_a363.46 _221 |
| 100 | 1 |
_aNelson, Jennifer, _d1967- |
|
| 245 | 1 | 0 |
_aWomen of color and the reproductive rights movement _h[electronic resource] / _cJennifer Nelson. |
| 260 |
_aNew York : _bNew York University Press, _c2003. |
||
| 300 | _ax, 224 p. | ||
| 504 | _aIncludes bibliographical references and index. | ||
| 533 |
_aElectronic reproduction. _bPalo Alto, Calif. : _cebrary, _d2009. _nAvailable via World Wide Web. _nAccess may be limited to ebrary affiliated libraries. |
||
| 650 | 0 |
_aBirth control _zUnited States _xHistory _y20th century. |
|
| 650 | 0 |
_aAbortion _zUnited States _xHistory _y20th century. |
|
| 650 | 0 |
_aMinority women _zUnited States _xSocial conditions. |
|
| 650 | 0 |
_aSterilization (Birth control) _zUnited States _xHistory _y20th century. |
|
| 650 | 0 |
_aWomen's rights _zUnited States _xHistory _y20th century. |
|
| 650 | 0 |
_aFeminism _zUnited States _xHistory _y20th century. |
|
| 655 | 7 |
_aElectronic books. _2local |
|
| 710 | 2 | _aebrary, Inc. | |
| 856 | 4 | 0 |
_uhttp://site.ebrary.com/lib/rucke/Doc?id=10078491 _zAn electronic book accessible through the World Wide Web; click to view |
| 999 |
_c54535 _d54535 |
||